000 00644nam a2200229Ia 4500
005 20231201111550.0
008 131103s9999 xx 000 0 und d
020 _a415184452
_cGBP 12.99
040 _aLoreto College
041 _aEnglish
082 _a302.23
_bHIC
100 _aHicks, Wynford
245 _aWriting for journalists
_cWynford Hicks with Sally Adams and Harriett Gilbert
260 _aLondon and New York
_bRoutledge
_c1999
300 _a159p
440 _aMedia Skills
504 _aIncludes bibliographical references and index
650 _aJournalism
700 _aAdams, Sally
850 _aLCLIB
942 _cBK
999 _c13251
_d63730